[Event "Lansing op"]
[Site "Lansing"]
[Date "2002.09.02"]
[Round "7"]
[White "Kauffman, Justin"]
[Black "Homa, Seth"]
[Result "1/2-1/2"]
[WhiteElo "1564"]
[BlackElo "1609"]
[PlyCount "61"]
[EventDate "2002.08.30"]
[EventType "swiss"]
[EventRounds "7"]
[EventCountry "USA"]
[SourceTitle "EXT 2007"]
[Source "ChessBase"]
[SourceDate "2006.11.23"]
[SourceVersion "1"]
[SourceVersionDate "2006.11.23"]
[SourceQuality "1"]

1. e4 c5 2. Nf3 d6 3. d4 cxd4 4. Nxd4 Nf6 5. Nc3 a6 6. Be3 e6 7. Qd2 b5 8. a3 Bb7 9. f3 Nbd7 10. Bd3 Rc8 11. 0-0 Be7 12. Qf2 Ne5 13. Rad1 Qc7 14. Nb3 Nfd7 15. Be2 Nc4 16. Bxc4 bxc4 17. Nd4 0-0 18. Qg3 Kh8 19. Kh1 Nf6 20. Nde2 Bc6 21. Qf2 Rb8 22. Bc1 d5 23. exd5 Nxd5 24. Nxd5 Bxd5 25. Nc3 Rbd8 26. Be3 Qc6 27. Rfe1 Bf6 28. Bd4 Bxd4 29. Rxd4 Qb6 30. Nxd5 Rxd5 31. c3 1/2-1/2